Estadísticas para Países más Poblados que Limitan el Océano Pacífico

Haz click aquí para intentar la prueba.

Estadísticas generales

  • Esta prueba ha sido intentada 4.638 veces
  • La puntuación promedio es 13 de 15

Estadísticas de respuestas

PoblaciónPaís% Correcto
1,379,260,000China
98%
324,687,000Estados Unidos
98%
126,685,000Japón
97%
128,632,000México
96%
24,240,700Australia
95%
36,329,500Canadá
93%
260,581,000Indonesia
92%
146,691,020Rusia
92%
31,488,700Perú
88%
50,501,405Corea del Sur
87%
48,876,700Colombia
85%
103,149,000Filipinas
84%
95,261,000Vietnam
83%
31,792,000Malasia
78%
68,145,000Tailandia
77%

Distribución de puntuación

Porcentaje por número respondido

Porcentaje de gente con cada puntuación

Historial de tus puntuaciones

No has intentado esta prueba.